000 01221cam a22003737a 4500
003 CHAP
005 20220329142426.0
008 010116d1998 ca a r 00110 eng d
010 _a83254
011 _a84226
020 _a0921294433
035 _a94745
040 _cCHAP
082 0 4 _a549
_bA5
100 0 0 _aDelvigne, Jean E.
_931715
245 1 0 _aAtlas of micromorphology of mineral alteration and weathering
_c/by Jean E. Delvigne
260 _aOntario, Canada :
_bMineralogical Association of Canada,
_c1998.
300 _a494 p. :
_bilus.
410 _aThe Canadian Mineralogist
490 0 _aSpecial publication
_v; 3
590 _aBATCH-UPD
_b10
_c20130110
_lUCH01
_h0334
590 _aBATCH-UPD
_b10
_c20130110
_lUCH01
_h1729
590 _aBATCH-UPD
_b10
_c20130410
_lUCH01
_h0007
590 _aBATCH-UPD
_b10
_c20130914
_lUCH01
_h0427
590 _aCONVERSION
_b10
_c20130109
_lUCH01
_h1346
650 1 4 _aAtlas.
_98256
650 1 4 _aMineralogĂ­a.
_975940
810 0 0 _aThe Canadian Mineralogist
_9112634
830 0 _aSpecial publication
_v; 3
_9109152
901 _aBK
905 _aLilia Sánchez G.
942 _cLIBRO
949 _a549 A5
_bBC
_cC
_d33724000809026
_eC
_gI.208918
_h99355
_i94745
_sex
_t$1.320.00
999 _c83254
_d83254